000 00630nai a2200169Ia 4500
003 IN-BaIIA
008 211028c9999 xx s 000 0 eng d
022 _a1355-2198 (Online)
040 _cIIA Library
245 0 _aStudies in History and Philosophy of Science Part B: Studies in History and Philosophy of Modern Physics
_h[eJournal]
260 _aOxford, U.K
_bPergamon
310 _aQuarterly
362 _a26(1); 1995 - 72; 2020
521 _bSubscribed through National Knowledge Resource Consortium (NKRC)
856 _uhttps://www.sciencedirect.com/science/journal/13552198
_yClick Here to Access eJournal
942 _cEJ
999 _c35735
_d35735